000 00283nam a22001337a 4500
008 170516b xxu||||| |||| 00| 0 eng d
020 _a97814000065820
041 _aeng
080 _a94 (7/8)
100 _a16
101 _aSHH
245 _aMONUMENTS
_cDUPRE ,J
942 _2udc
_cBK
999 _c13376
_d13376